O konserwacji obrazu Lorenza Lotta "Adoracja Dzieciątka" ze zbiorów Muzeum Narodowego w Krakowie
| Titel: | O konserwacji obrazu Lorenza Lotta "Adoracja Dzieciątka" ze zbiorów Muzeum Narodowego w Krakowie |
|---|---|
| Verfasser: | |
| In: |
Muzeum Narodowe w Krakowie: Rozprawy Muzeum Narodowego w Krakowie, Band 2 (2004), Seite 123-132 alle Artikel anzeigen |
| Veröffentlicht: | 2004 |
| Format: | Aufsatz |
| Sprache: | Polnisch |
X
alg: 39395309 001A $01999:12-11-16 001B $01999:29-05-21 $t17:39:20.000 001D $01999:12-11-16 001U $0utf8 001X $00 002@ $0Aox 003@ $0393953092 007A $0393953092 $aHEB 007T $0Herdk55244 010@ $apol 011@ $a2004 021A $aO konserwacji obrazu Lorenza Lotta "Adoracja Dzieciątka" ze zbiorów Muzeum Narodowego w Krakowie 028A $aGrochowska-Angelus $dAnna 031A $d2 $h123-132 $j2004 037A $aang. res. 039B $aIn $8--Abvc--Muzeum Narodowe w Krakowie [Tb1]. Rozprawy Muzeum Narodowego w Krakowie. - Kraków : Muzeum Narodowe, 1999-. - ISSN 1508-4302 $x200400000020000877 $9091024307 045F $a307.09438 $eDDC23BSB 045F/01 $a307.09 045F/03 $g438 045T $a9,10 $a7,41 lok: 39395309 78 exp: 39395309 78 1 #EPN 201B/01 $012-02-19 $t22:58:44.000 201U/01 $0utf8 203@/01 $0790063611 208@/01 $a12-11-16 $be 209A/01 $a/ $f000 $x00 220C/01 $aTitelaufnehmer: pbb 220C/01 $aHerkunft: IH PAN/PBB Kraków 244Z/01 $2Trx $#Poola $#Lenkija $#Polija $#Polen Land $#Poland $#Lengyelország $#Poľsko $#Polsko $8--Trx--Polska$gkraj $x01 $9391345966 244Z/01 $#Krakau $#Kraków $#Cracovie $#Cracovia $#Cracow $#Krakoi $#Krakov $#Cracov $74073760-3 $8--Tg1--Krakau $x02 $9085207705 244Z/01 $aGeschichte 1500-2004 $x03 244Z/01 $7118780530 $8--Tp1--Lotto, Lorenzo$Z1480-1556 $x04 $9087121166 244Z/01 $2Trx $#maalikunst $#tapyba $#Painting $#festészet $#malarstwo $#maliarstvo $#malířství $8--Trx--Malerei $x05 $9391366467 244Z/01 $2Trx $#restauratsioonid $#paminklų restauravimas $#restaurations $#restaurálások $#restauracja zabytków $#reštaurátorstvo $#restaurátorství $8--Trx--Restaurierungen $x06 $9391374710 244Z/01 $2Trx $8--Trx--Zeitschriftenaufsatz $x07 $9391384341 245Z/01 $a13.03 $x01 245Z/01 $a11.10 $x02 247C/01 $82080>Marburg/Lahn, Herder-Institut, Forschungsbibliothek, Bibliographieportal $9336309341
| LEADER | 00000caa a22000002c 4500 | ||
|---|---|---|---|
| 001 | 393953092 | ||
| 003 | DE-603 | ||
| 005 | 20210529173920.0 | ||
| 007 | tu | ||
| 008 | 161112s2004 xx |||| | u00||u|pol c | ||
| 035 | |a (DE-599)HEB393953092 | ||
| 040 | |a DE-603 |b ger |c DE-603 |d DE-603 | ||
| 041 | |a pol | ||
| 082 | 0 | 4 | |8 1\u |a 307.09438 |q DE-101 |2 23/BSB |
| 084 | |a 9,10 |a 7,41 |2 ssgn | ||
| 085 | |8 1\u |b 307.09 | ||
| 085 | |8 1\u |z 2 |s 438 | ||
| 100 | 1 | |a Grochowska-Angelus, Anna | |
| 245 | 0 | 0 | |a O konserwacji obrazu Lorenza Lotta "Adoracja Dzieciątka" ze zbiorów Muzeum Narodowego w Krakowie |
| 264 | 0 | |c 2004 | |
| 500 | |a ang. res. | ||
| 773 | 0 | 8 | |i In |a Muzeum Narodowe w Krakowie |t Rozprawy Muzeum Narodowego w Krakowie |d Kraków : Muzeum Narodowe, 1999- |x 1508-4302 |g Band 2 (2004), Seite 123-132 |w (DE-603)091024307 |w (DE-600)2010981-7 |
| 924 | 0 | |9 2080 |a (DE-603)790063611 |b DE-2080 |c HES |d d |g / | |


